Southville International School and Colleges
Your cart is empty.
  • Cart
  • Lists
    Public lists Eva Luna New books Lux_list list_1
    Your lists Log in to create your own lists
  • Log in to your account
  • Your cookies
  • Search history
Southville International School and Colleges
  • Advanced search
  • Recent comments
  • Most popular
  • Libraries

Log in to your account

Log in with GOOGLE


If you do not have an external account, but do have a local account, you can still log in:

  1. Home
  2. MARC view: Introduction to hotel and resort management /
Normal view MARC view ISBD view

Introduction to hotel and resort management / (Record no. 293148)

[ view plain ]
MARC details
000 -LEADER
fixed length control field 00618nam a2200229Ia 4500
008 - FIXED-LENGTH DATA ELEMENTS--GENERAL INFORMATION
fixed length control field 160404s9999 xx 000 0 und d
020 ## - INTERNATIONAL STANDARD BOOK NUMBER
International Standard Book Number 978-971-584-958-6
050 ## - LIBRARY OF CONGRESS CALL NUMBER
Classification number FIL TX 901
050 ## - LIBRARY OF CONGRESS CALL NUMBER
Item number .S26 2010 c.1
100 ## - MAIN ENTRY--PERSONAL NAME
Personal name Santos, Buen.
245 ## - TITLE STATEMENT
Title Introduction to hotel and resort management /
245 ## - TITLE STATEMENT
Statement of responsibility, etc Buen Santos.
260 ## - PUBLICATION, DISTRIBUTION, ETC. (IMPRINT)
Place of publication, distribution, etc Quezon City:
260 ## - PUBLICATION, DISTRIBUTION, ETC. (IMPRINT)
Name of publisher, distributor, etc C & E Pub. Inc.,
260 ## - PUBLICATION, DISTRIBUTION, ETC. (IMPRINT)
Date of publication, distribution, etc 2010
300 ## - PHYSICAL DESCRIPTION
Extent 177 pages :
300 ## - PHYSICAL DESCRIPTION
Other physical details color illustrations. ;
300 ## - PHYSICAL DESCRIPTION
Dimensions 26 cm.
500 ## - GENERAL NOTE
General note Includes bibliographical references.
650 ## - SUBJECT ADDED ENTRY--TOPICAL TERM
Topical term or geographic name as entry element Hotel management.
650 ## - SUBJECT ADDED ENTRY--TOPICAL TERM
General subdivision Resorts management.
Holdings
Withdrawn status Lost status Damaged status Home library Current library Shelving location Date acquired Total Checkouts Full call number Barcode Date last seen Price effective from Koha item type
      South Mansfield College South Mansfield College Filipiniana Section 07/09/2012   FIL TX 901 .S26 2010 c.1 SMC05689 04/04/2016 04/04/2016  

Introduction to hotel and resort management /

APA

Santos B., .Introduction to hotel and resort management. Quezon City: .

Chicago

Santos Buen, .Introduction to hotel and resort management. Quezon City: .

Harvard

Santos B., .Introduction to hotel and resort management. Quezon City: .

MLA

Santos Buen, .Quezon City: . .

  • Place hold
  • Print
  • Cite
  • Add to your cart (remove)
  • Save record
    BIBTEX Dublin Core MARCXML MARC (non-Unicode/MARC-8) MARC (Unicode/UTF-8) MARC (Unicode/UTF-8, Standard) MODS (XML) RIS
  • More searches
    Search for this title in:
    Other Libraries (WorldCat) Other Databases (Google Scholar) Online Stores (Bookfinder.com) Open Library (openlibrary.org)

Exporting to Dublin Core...

SOUTHVILLE LIBRARY

Southville International School and Colleges Library

1281 Tropical Ave. Cor. Luxembourg St., BF Homes International, Las Pinas City

Tel. No. 8256374 / 252358 Loc. 117/146

Powered by Koha